000 00220 a2200097 4500
001 19901
100 _aEames E R
245 _aBertrand Russell theory & knowledge
260 _a
_bAllen & Unwin
_c
090 _c14523
_d14523
942 _aNUST-CAE
_cM
_c5029
999 _c254974
_d254974